|
|
|
|
| LEADER |
00000cam a2200000 7i4500 |
| 001 |
0000012725 |
| 005 |
20230530.0 |
| 008 |
030915 cau eng |
| 020 |
|
|
|a 007222505X (pbk)
|
| 040 |
|
|
|a INS
|
| 090 |
0 |
0 |
|a QA76.76.O63
|b .P523 2002
|
| 100 |
1 |
|
|a Peterson, Richard L.
|
| 245 |
1 |
0 |
|a Linux :
|b The Complete Reference
|c Richard L. Peterson
|
| 250 |
|
|
|a Fifth Edition
|
| 260 |
|
|
|a California :
|b McGraw-Hill ,
|c c2002
|
| 300 |
|
|
|a xxvii, 911p. :
|b ill. ;
|c 23 cm +.
|e 1 CD-ROM (4 3/4 in.)
|
| 500 |
|
|
|a Includes index
|
| 650 |
|
0 |
|a Linux
|
| 650 |
|
0 |
|a Operating systems (Computers)
|
| 999 |
|
|
|a 0000013341
|b BOOK
|c Open Shelf
|e Default branch
|